000 00539nam a2200229Ia 4500
003 OSt
005 20220918174037.0
006 a|||||r|||| 00| 0
007 ta
008 220917b |||||||| |||| 00| 0 eng d
024 _a10,144
037 _cTextual
040 _aARTS
_cARTS
_beng
041 _2eng
_aeng
082 _aQ2:23, L1
100 _aPandit M P
_922657
245 0 _aLights on the Tantra
260 _c1971
650 _aRELIGION
942 _hQ2:23, L1
_cTEXL
_2CC
999 _c151534
_d151534